Business statistics. (Record no. 3405)

MARC details
000 -LEADER
fixed length control field 00566nam a22002057a 4500
003 - CONTROL NUMBER IDENTIFIER
control field OSt
005 - DATE AND TIME OF LATEST TRANSACTION
control field 20160412133744.0
008 - FIXED-LENGTH DATA ELEMENTS--GENERAL INFORMATION
fixed length control field 160408b xxu||||| |||| 00| 0 eng d
020 ## - INTERNATIONAL STANDARD BOOK NUMBER
International Standard Book Number 013149855X
040 ## - CATALOGING SOURCE
Transcribing agency DDC
082 ## - DEWEY DECIMAL CLASSIFICATION NUMBER
Classification number 519.5 BUS 2005.
100 ## - MAIN ENTRY--PERSONAL NAME
Personal name David F.Groebner[al....et]
9 (RLIN) 7595
245 ## - TITLE STATEMENT
Title Business statistics.
Remainder of title A decision Making approach.
250 ## - EDITION STATEMENT
Edition statement sixth ed
260 ## - PUBLICATION, DISTRIBUTION, ETC. (IMPRINT)
Place of publication, distribution, etc. New Jersey.
Name of publisher, distributor, etc. Pearson prentice Hall.
Date of publication, distribution, etc. 2005.
300 ## - PHYSICAL DESCRIPTION
Extent xxiv,808p;
Other physical details col,ill;
Dimensions 27cm.
504 ## - BIBLIOGRAPHY, ETC. NOTE
Bibliography, etc includes index.
650 ## - SUBJECT ADDED ENTRY--TOPICAL TERM
Topical term or geographic name as entry element Statistics.
9 (RLIN) 1274
942 ## - ADDED ENTRY ELEMENTS (KOHA)
Source of classification or shelving scheme Dewey Decimal Classification
Koha item type Short Loan
Holdings
Withdrawn status Lost status Source of classification or shelving scheme Damaged status Not for loan Home library Current library Date acquired Source of acquisition Inventory number Total Checkouts Full call number Barcode Date last seen Koha item type
    Dewey Decimal Classification     MUST Main Library MUST Main Library 08/04/2016   06/27739   519.5 BUS 2005. 2016-0621 08/04/2016 Short Loan
    Dewey Decimal Classification     MUST Main Library MUST Main Library 12/04/2016   06/27735   519.5 BUS 2005. 2016-0692 12/04/2016 Short Loan
    Dewey Decimal Classification     MUST Main Library MUST Main Library 12/04/2016   06/27736   519.5 BUS 2005. 2016-0693 12/04/2016 Short Loan